Journal article Open Access
د. علي طاهر محمد
<?xml version='1.0' encoding='UTF-8'?>
<record xmlns="http://www.loc.gov/MARC21/slim">
<leader>00000nam##2200000uu#4500</leader>
<datafield tag="980" ind1=" " ind2=" ">
<subfield code="a">publication</subfield>
<subfield code="b">article</subfield>
</datafield>
<datafield tag="245" ind1=" " ind2=" ">
<subfield code="a">شعيرة الصلاة وعلاقتها بالاتزان الانفعالي لدي طلاب جامعة مقديشو</subfield>
</datafield>
<datafield tag="260" ind1=" " ind2=" ">
<subfield code="c">2017-01-16</subfield>
</datafield>
<datafield tag="041" ind1=" " ind2=" ">
<subfield code="a">ara</subfield>
</datafield>
<datafield tag="520" ind1=" " ind2=" ">
<subfield code="a"><p><strong>شعيرة الصلاة وعلاقتها تالاتزان الانفعالي لدي طلاب جامعة مقديشو</strong></p></subfield>
</datafield>
<datafield tag="980" ind1=" " ind2=" ">
<subfield code="a">user-mu-research-unit</subfield>
</datafield>
<datafield tag="980" ind1=" " ind2=" ">
<subfield code="a">user-sorer</subfield>
</datafield>
<datafield tag="773" ind1=" " ind2=" ">
<subfield code="a">10.20374/sorer/173</subfield>
<subfield code="i">isVersionOf</subfield>
<subfield code="n">doi</subfield>
</datafield>
<datafield tag="100" ind1=" " ind2=" ">
<subfield code="a">د. علي طاهر محمد</subfield>
</datafield>
<datafield tag="856" ind1="4" ind2=" ">
<subfield code="s">13973590</subfield>
<subfield code="u">https://sorer.somaliren.org.so/record/174/files/د.علي طاهر محمد - Arabic - 2017.pdf</subfield>
<subfield code="z">md5:f75cdb88f35f016ec709434f5ebdeecc</subfield>
</datafield>
<controlfield tag="005">20210701141130.0</controlfield>
<datafield tag="024" ind1=" " ind2=" ">
<subfield code="a">10.20374/sorer/174</subfield>
<subfield code="2">doi</subfield>
</datafield>
<datafield tag="542" ind1=" " ind2=" ">
<subfield code="l">open</subfield>
</datafield>
<datafield tag="540" ind1=" " ind2=" ">
<subfield code="u">https://creativecommons.org/licenses/by-nc-sa/4.0/</subfield>
<subfield code="a">Creative Commons Attribution-NonCommercial-ShareAlike</subfield>
</datafield>
<datafield tag="650" ind1="1" ind2="7">
<subfield code="a">cc-by</subfield>
<subfield code="2">opendefinition.org</subfield>
</datafield>
<controlfield tag="001">174</controlfield>
</record>
| All versions | This version | |
|---|---|---|
| Views | 231 | 231 |
| Downloads | 50 | 50 |
| Data volume | 698.7 MB | 698.7 MB |
| Unique views | 215 | 215 |
| Unique downloads | 49 | 49 |